| 000 | 00389nam a22001577a 4500 | ||
|---|---|---|---|
| 020 | _a9789381269305 | ||
| 040 | _cNust | ||
| 082 |
_a620.106 _bKUN |
||
| 100 |
_aPijush K. Kundu _953965 |
||
| 110 |
_aIra M. Cohen, David R. Dowling _9124316 |
||
| 245 | _aFluid Mechanics | ||
| 250 | _a5th Edition | ||
| 260 |
_aBoston: _bElsevier, _c2012. |
||
| 650 | _aFluid Mechanics | ||
| 942 |
_2ddc _cBK |
||
| 999 |
_c610209 _d610209 |
||